000 00237 a2200097 4500
001 38592
100 _aMohanty K
245 _aThermal propertics of Air water & steem
260 _aNew Delhi
_bOxford & IBH
_c1991
090 _c24463
_d24463
942 _aNUST-CAE
_cM
_c16073
999 _c273665
_d273665